Á lódáil...
Grants-in-aid to Universities and Research Institutions under the Planning Commission Scheme for promotion of Socio-Economic Research : Guidelines for processing of Research Proposals
| Príomhúdar: | |
|---|---|
| Formáid: | Printed Book |
| Foilsithe: |
2002
|
| Rochtain Ar Líne: | http://10.26.1.76/ks/00539.pdf |
| LEADER | 004610000a22001090004500 | ||
|---|---|---|---|
| 100 | |a Govt of India | ||
| 245 | |a Grants-in-aid to Universities and Research Institutions under the Planning Commission Scheme for promotion of Socio-Economic Research : Guidelines for processing of Research Proposals | ||
| 260 | |c 2002 | ||
| 856 | |u http://10.26.1.76/ks/00539.pdf | ||
| 942 | |c KS | ||
| 999 | |c 69928 |d 69928 | ||
| 952 | |0 0 |1 0 |4 0 |7 0 |9 61892 |a MGUL |b MGUL |d 2015-08-01 |l 0 |r 2015-08-01 |w 2015-08-01 |y KS | ||